00824nam a2200205 a 4500008004100000020002300041245011900064260006700183300002400250440011500274504004100389650001700430650002600447700002200473700002100495830007500516003000100591005001700592040000900609  a0792310160 (cased)00aStochastic games and related topics :bin honor of Professor L.S. Shapley /cedited by T.E.S. Raghavan... [et al.] aDordrecht [Netherlands] :bKluwer Academic Publishers,cc1991. ax, 233 p. ;c25 cm. aTheory and decision library. Series C, Game theory, mathematical programming, and operations research ;vv. 7. aIncludes bibliographical references. 0aGame theory. 0aStochastic processes.1 aShapley, Lloyd S.1 aRaghavan, T.E.S. aGame theory, mathematical programming and operations research ;vv. 7.20230123133437.0 cNUST